00684nam a22001937a 4500999001900000005001700019010001500036020002600051035001400077037001300091082001300104100001700117245005300134260003400187270007400221300003500295942002700330952013300357 c187360d18736020220413120212.0 aENG-132301 a9789386078247c670.00 aEN-115833 bDBAD/PUB a294.5513 aYadav, Vivek aDance and Ritual of Early Hinduism/cVivek Yadav aDelhibPrakashan Kendrac2018 bDelhia1/11955, First Floor oad No. 65 Subhash Marg, Shahdarae110032 a176p.bBibliographyc22cm(hbk) 2ddccENmYADh294.5513 001040708NFICaLbLd2022-04-13eDBAD/PUBg670.00l1o294.5513 YADpEN-115833r2022-07-18 00:00:00s2022-06-03t1v670.00yEN